000 00603nam a22002057a 4500
999 _c172448
_d172448
005 20211216124448.0
010 _aENG-127646
020 _a9789353433123
_c579.00
035 _aEN-111178
037 _bDBAD/PUB
082 _a621.3192
100 _aValkenburg,E.Van
245 _aNetwork Analysis/
_bM.E.Van Valkenburg.
250 _a3re rev.
260 _aNoida
_bPearson
_c2019
270 _bNoida
_a15th floor,Tower-B,World Trade Tower,plot no.1,Block-c,sector 16
_e201301
300 _axviii;703p.
_b24cm(pbk)
500 _aincludes index
942 _2ddc
_cEN
_h621.3192
_mVAL